01232nam a2200265 a 450000100060000000300080000600500170001400800410003103500190007204000430009104100080013408200220014224502040016426000970036830000270046549000310049250000200052350000740054350400310061765000280064870000590067670000340073571001110076983000860088051436BD-RjUL20211209075648.0160831s19501940enk 000 0 eng d a(BD-RjUL)51556 aIQUcIQUdm.c.dBD-RjULdRCDdRCDbeng aeng a513.213bTAB 195000aTable of powers :bgiving integral powers of integers /cinitiated by J. W. L. Glaisher ; extended by W. G. Bickley ... [et al.] on behalf of the Committee for the Calculation of Mathematical Tables. aCambridge : bPublished for the Royal Society at the University Press, c1940 [Reprint 1950] axii, 131 p. ; c29 cm.1 aMathematical tables ; v. 9 aChiefly tables. aAt head of title: British Association for the Advancement of Science. aBibliography: p. [xi]-xii. 0aMultiplicationvTables.1 aGlaisher, J. W. L.q(James Whitbread Lee),d1848-1928.1 aBickley, W. G.q(William Gee)2 aBritish Association for the Advancement of Science.bCommittee for the Calculation of Mathematical Tables. 0aMathematical tables (British Association for the Advancement of Science) ;vv. 9.